| 000 | 00725nam a22002177a 4500 | ||
|---|---|---|---|
| 999 |
_c11370 _d11370 |
||
| 003 | AR-CdUCM | ||
| 008 | 190403b ||||| |||| 00| 0 spa d | ||
| 040 |
_aMUNICIPALIDAD PROVINCIAL DEL CUSCO _cBIBLIOTECA MUNICIPAL DEL CUSCO |
||
| 082 |
_a869.56 / _bL66 / 1949 |
||
| 100 |
_aLima, Jorge de. _928698 |
||
| 245 | _aEsa negra fuló y otros poemas / | ||
| 260 |
_aArgentina : _bD'accurzio, _c1949. |
||
| 300 |
_a12 páginas ; _c22 cm. |
||
| 505 | _aContenido : Jorge de Lima poeta de la brasilidad -- ¡Esa negra fuló! -- San Cristobal Colon ... | ||
| 650 |
_aPoesía _9139 |
||
| 650 |
_aArgentina _9511 |
||
| 650 |
_aLatinoamericana _95799 |
||
| 700 |
_aFigueiras, Gaston _928699 |
||
| 942 |
_2ddc _cLIBROS |
||
| 945 | _arah | ||